Enigmes en vrac - Statistiques

Statistiques générales
  • Ce quiz a été pris 448 fois
  • Le résultat moyen est 9 sur 20
Statistiques - réponses
Indice Réponse % Correct
O Oxygène
90%
H Hydrogène
89%
C Carbone
85%
Na Sodium
80%
S Soufre
69%
Edith Piaf La vie en rose
61%
14 (1643-1715) Louis
49%
4 (1589-1610) Henri
47%
Luc Besson Le Grand Bleu
47%
10 (1824-1830) Charles
43%
1 (481-511) Clovis
41%
1 (1515-1547) François
41%
Christophe Les mots bleus
40%
Stephen King La ligne verte
38%
Gaston Leroux Le mystère de la chambre jaune
24%
Pulgar Pouce
16%
Ringvinger Annulaire
15%
Serçeparmak Auriculaire
15%
Pekfinger Index
15%
中指 / NakaYubi Majeur
15%
Aucun quiz correspondant
Distribution des résultats
% des personnes avec chaque résultat
Percentile par nombre de réponses
Votre historique - résultats
Vous n’avez pas pris ce quiz